Responses for Show #8096 - Monday, November 18, 2019

Contestants

[<< previous game]

Kevin Jones, a retired IT project manager from Galloway, Ohio

Beverly Randez, a university business administrator from San Diego, California

Andrew Thomson, a journalist from Ottawa, Ontario, Canada (whose 2-day cash winnings total $30,800)

[next game >>]

Jeopardy! Round responses

WORLD LEADERS REVEALED
RHYME TIME
ON THE CUSPS OF GREATNESS
BIOPICS
WE SAY JUMP
HOW HIGH
    $200 20
Hawaii

Andrew
    $200 5
flower power

Triple Stumper
    $200 19
December

Andrew
    $200 2
(Alex: The film opens Friday. That's [*]. Not quickly enough, Beverly.)

Tom Hanks

Triple Stumper
    $200 7
black

Andrew
    $200 4
(Beverly: What is 8 feet?)

9 feet

BeverlyKevin
    $400 16
Putin

Kevin
    $400 6
a crop top

Triple Stumper
    $400 30
Leo

Kevin
    $400 3
Johnny Cash

Kevin
    $400 8
hoops

Kevin
    $400 9
(Kevin: What is the first step?)

a cliff

Kevin
Triple Stumper
    $600 11
(Fidel) Castro

Andrew
    $600 23
a mai tai

Andrew
    $600 1
Gemini

Beverly
    $600 26
Buddy Holly

Triple Stumper
    $600 17
arachnid

Kevin
    $600 10
a dam

Andrew
    $800 12
Australia

Kevin
    $800 24
Grubhub

Beverly
    $800 21
Billie Jean King

Andrew
    $800 27
(Édith) Piaf

Andrew
    $800 18
a pogo stick

Kevin
    $1,400 13
base camp (the Khumbu glacier)

Kevin
    $1000 15
Thomas Becket

Andrew
    $1000 25
Hodgepodge

Beverly
    $1000 22
Virgo & Libra

Kevin
    $1000 28
Pride of the Yankees

Andrew
    $1000 29
(Andrew: Who is Solomon?)

Herod (the Great)

AndrewKevin
    $1000 14
U-2

Andrew

Scores at the first commercial break (after clue 16):

Andrew Beverly Kevin
$3,400 $400 $3,200

Scores at the end of the Jeopardy! Round:

Andrew Beverly Kevin
$6,000 $2,200 $7,000

Double Jeopardy! Round responses

COMEDIANS ON AUDIBLE
"MIS"INFORMATION
HOME IS WHERE THE ART IS
BOND, IONIC BOND
A MAN OF THE CLOTH
WAR STORIES
(Alex: You have to identify the war in which each clue is set.)
    $400 21
Mindy Kaling

Andrew
    $400 10
a misnomer

Kevin
    $400 18
Buckingham Palace

Andrew
    $400 27
electrons

Beverly
    $400 7
a henley

Beverly
    $400 2
(Alex: Got in ahead of Andrew on that one.)

the War of 1812

Kevin
    $800 19
Amy Poehler

Andrew
    $800 11
a misdemeanor

Kevin
    $800 22
(Andrew: What is Luxembourg?)

the Netherlands

AndrewKevin
    $800 28
(Andrew: What is sodium and chloride?)

sodium & chlorine

AndrewKevin
    $800 8
(Boss) Tweed

Andrew
    $800 3
the Second World War

Andrew
    $1200 1
Steve Martin

Kevin
    $1200 9
a missive

Kevin
    $1200 23
(William Randolph) Hearst

Andrew
    $1200 29
rust

Kevin
    $4,000 14
(Kevin: [Exhales] Who was... [Exhales])
(Alex: Hurry.)

F.W. Woolworth

Kevin
    $1200 4
the Vietnam War

Andrew
    $1600 17
Kevin Hart

Kevin
    $1600 12
Missoula

Beverly
    $3,000 24
(Andrew: Who is... Delacroix?)

Gilbert Stuart

Andrew
    $1600 26
(Alex: Yes. Less than a minute now.)

Milk of Magnesia

Kevin
    $1600 15
Brad Paisley

Andrew
    $1600 5
the Civil War

Kevin
    $2000 20
George Carlin

Kevin
    $2000 13
miscellany

Kevin
    $2000 25
(Andrew: What are quarters?)

papal apartments

Andrew
Triple Stumper
    $2000 30
(Andrew: What is sulphur?)

potassium

Andrew
Triple Stumper
    $2000 16
Mark Felt

Andrew
    $2000 6
World War I

Kevin

Scores at the end of the Double Jeopardy! Round:

Andrew Beverly Kevin
$6,600 $4,600 $20,600
(lock game)

[wagering suggestions for these scores]

Final Jeopardy! Round responses

U.S. CITIES
(Alex: The event that overshadowed the exposition was the shooting of President McKinley.)
BeverlyWhat is San Francisco?
$4,400
AndrewWhat is Buffalo?
$2,601
KevinWhat is NYC?
$5,000
Buffalo

Final scores:

Andrew Beverly Kevin
$9,201 $200 $15,600
2nd place: $2,000 3rd place: $1,000 New champion: $15,600

Game dynamics:

Coryat scores:

Andrew Beverly Kevin
$9,600 $4,600 $24,000
20 R,
6 W
(including 1 DD)
6 R,
1 W
25 R
(including 1 DD),
2 W
(including 1 DD)

Combined Coryat: $38,200

[game clues] [game scores] [suggest correction]

Game tape date: 2019-09-24
The J! Archive is created by fans, for fans. Scraping, republication, monetization, and malicious use prohibited; this site may use cookies and collect identifying information. See terms. The Jeopardy! game show and all elements thereof, including but not limited to copyright and trademark thereto, are the property of Jeopardy Productions, Inc. and are protected under law. This website is not affiliated with, sponsored by, or operated by Jeopardy Productions, Inc. Join the discussion at JBoard.tv.